• 首页
  • 本馆介绍
  • 公告通知
  • 最新文献
  • 馆藏检索
  • 电子资源
  • 读者导购
  • 参考咨询
  • 我的图书馆
  • 登录
  • 详细信息显示
  • 放入我的书架
  • 预约/预借图书
  • 作者相关作品
  • 分类相关作品
  • 丛书相关作品
  • 出版社相关作品

书目信息

  • 表格格式
  • 工作单格式
  • 卡片格式
题名:
鲁迅爱国诗文选
    
 
作者: 董雁南 编著
分册:  
出版信息: 北京   北京时代华文书局  2016
页数: 11,187页
开本: 23cm
丛书名: 中国人格读库
单 册:
中图分类: I210.4 , I210.5
科图分类:
主题词: 鲁迅散文--lu xun san wen--散文集 , 鲁迅诗歌--lu xun shi ge--诗集
电子资源:
ISBN: 978-7-5699-0699-8
000 01089nam0 22002891 450
001 0120082015
005 20170320082015.0
010    @a978-7-5699-0699-8@dCNY27.00
100    @a20160527d2016 em y0chiy50 ea
101 0  @achi
102    @aCN@b110000
105    @ay z 000zy
106    @ar
200 1  @a鲁迅爱国诗文选@9lu xun ai guo shi wen xuan@f董雁南编著
210    @a北京@c北京时代华文书局@d2016
215    @a11,187页@d23cm
225 2  @a中国人格读库@9zhong guo ren ge du ku@f高占祥主编
300    @a国家新闻出版广电总局培育和践行社会主义核心价值观主题出版重点出版物
330    @a本书选取鲁迅先生作品中具有强烈爱国主义思想的部分,充分展现鲁迅先生忧国忧民的伟大情怀。收录了《一件小事》《狂热日记》《鸭的喜剧》《端午节》《故乡》《孔乙己》《阿Q正传》《我之节烈观》等作品。
461  0 @12001 @a中国人格读库@f高占祥主编
606 0  @a鲁迅散文@9lu xun san wen@x散文集
606 0  @a鲁迅诗歌@9lu xun shi ge@x诗集
690    @aI210.4@v5
690    @aI210.5@v5
701  0 @a董雁南@9dong yan nan@4编著
801  0 @aCN@bTANGWEI@c20170308
905    @b0955132-5@dI210.4@e296@f4
    
    鲁迅爱国诗文选/董雁南编著.-北京:北京时代华文书局,2016
    11,187页;23cm.-(中国人格读库/高占祥主编)
    国家新闻出版广电总局培育和践行社会主义核心价值观主题出版重点出版物
    
    ISBN 978-7-5699-0699-8:CNY27.00
    本书选取鲁迅先生作品中具有强烈爱国主义思想的部分,充分展现鲁迅先生忧国忧民的伟大情怀。收录了《一件小事》《狂热日记》《鸭的喜剧》《端午节》《故乡》《孔乙己》《阿Q正传》《我之节烈观》等作品。
●
相关链接 在E读中查询图书 在五车中查询图书 在当当中查询图书 在豆瓣中查询图书


正题名:鲁迅爱国诗文选     索取号:I210.4/296         预约/预借

序号 登录号 条形码 馆藏地/架位号 状态 备注
1 0955132   209551322   第一样本阅览室/ [索取号:I210.4/296] 在馆    
2 0955133   209551331   第二借阅区/ [索取号:I210.4/296] 在馆    
3 0955134   209551340   第二借阅区/ [索取号:I210.4/296] 在馆    
4 0955135   209551359   第二借阅区/ [索取号:I210.4/296] 在馆    
唐山师范学院图书馆 欢迎您!
大连网信软件有限公司© 版权所有